| 000 | 00725cam a22002172 4500 | ||
|---|---|---|---|
| 001 | 0000004314 | ||
| 005 | 20151217145803.0 | ||
| 008 | 070522s xx 000 0 eng d | ||
| 020 |
_a1850323267 : _cKES 375 |
||
| 040 |
_aKABU _cKABU |
||
| 050 | 0 |
_aQA76.76 _b.Q35B46 |
|
| 100 | 1 |
_aBen-Menachem, Mordechai. _@0000154801 |
|
| 245 | 1 | 0 |
_aSoftware quality : _bproducing practical consitent software / _cMordechai Ben-Menachem and Garry S. Marliss. |
| 260 |
_aNew Delhi : _bVikas Publishing, _c1997. |
||
| 300 | _axviii, 326 p. | ||
| 650 | 0 |
_aComputer software _xQuality control. _@0000154802 |
|
| 700 | 1 |
_aMarliss, Gary. _@0000154803 |
|
| 908 | _a070522 | ||
| 950 | _@1 | ||
| 999 |
_c2604 _d2604 |
||